La vida de Pasteur /

Louis Pasteur (Dole, Francia, 1822 – Marnes-la-Coquette, Francia, 1895), microbiólogo y químico. Estudió en la Escuela Normal Superior de París, enseñó química en la Universidad de Estrasburgo y en 1854 se desempeñó como profesor y decano en la Universidad de Lille. Pasteur es reconocido por sus est...

Descrición completa

Gardado en:
Detalles Bibliográficos
Autor Principal: Vallery Radot, R. (autor)
Formato: Libro
Idioma:Lingua castelá
Publicado: Buenos Aires, Argentina : Juventud, 1943, c1943
Edición:4a edición
Temas:
Etiquetas: Engadir etiqueta
Sen Etiquetas, Sexa o primeiro en etiquetar este rexistro!

MARC

LEADER 00000nam^a2200000^a^4500
001 000094631
005 20250521000000.0
009 20260310092841.308
037 |a Acervo ITESO - Biblioteca 
041 |a ESP 
082 |a 509. 2  |b VAL 
100 |a Vallery Radot, R.  |e (autor) 
245 1 3 |a La vida de Pasteur /  |c R. Vallery Radot ; tr. por Jorge de Degiorgi. 
250 |a 4a edición 
264 4 |a Buenos Aires, Argentina :  |b Juventud,  |c 1943, c1943 
300 |a 450 p. 
336 |a texto  |b txt  |2 rdacontenido 
337 |a sin mediación  |b n  |2 rdamedio 
338 |a volumen  |b nc  |2 rdasoporte 
520 |a Louis Pasteur (Dole, Francia, 1822 – Marnes-la-Coquette, Francia, 1895), microbiólogo y químico. Estudió en la Escuela Normal Superior de París, enseñó química en la Universidad de Estrasburgo y en 1854 se desempeñó como profesor y decano en la Universidad de Lille. Pasteur es reconocido por sus estudios sobre la fermentación, la implantación del proceso de pasteurización, descubrimiento que tuvo gran repercusión en la prevención de ciertas enfermedades. Asentó además las bases de la cirugía aséptica e inició en 1877 el estudio contra el carbunco, enfermedad infecciosa de los animales, para la que encontró el método de inmunización dos años después, pero quizá el mayor logro de su trayectoria científica fue el descubrimiento de la vacuna contra la rabia. 
649 |a XX 
650 |a Biólogos Franceses -  |x Biografías 
650 |a Químicos Franceses -  |x Biografías 
650 |a Científicos Franceses -  |x Biografías 
650 |a Fermentación 
650 |a Rabia -  |x Inoculación Preventiva 
650 |a Enfermedades -  |x Historia 
650 |a Vacunas -  |x Historia 
650 |a Descubrimientos Científicos -  |x Historia 
650 |a Microbiología -  |x Historia 
650 |a Biología -  |x Historia 
650 |a Química -  |x Historia 
650 |a Ciencia -  |z Francia -  |x Historia -  |y Período Moderno, 1848-1919 
650 |a Ciencia -  |z Francia -  |x Historia -  |y Tercera República, 1870-1940 
650 |a Ciencia -  |z Francia -  |x Historia -  |y Siglo XIX 
650 |a Ciencia -  |x Historia 
650 |a Pasteur, Louis -  |x Tema Principal 
910 |a Fondo Jesús Rodríguez 
920 |a Impresos - Libros 
930 |a Fondos Especiales 
905 |a 113 
901 |a 0500029762  |b IT2  |c ESP  |u 20250521 
902 |a https://opac.biblio.iteso.mx/vufind/Record/000094631